000
00271nam a22001217a 4500
008
181001b xxu||||| |||| 00| 0 eng d
041
_a
eng
080
_2
20 ED
_a
531
100
_a
43
101
_a
FIZ
245
_a
Physics In The Century
_c
Suplee,C
942
_2
udc
_c
BK
999
_c
48713
_d
48713